[Event "Olomouc Chess Summer 2023 - D2"]
[Site "Olomouc (CZE), Hotel Flora"]
[Date "2023.08.19"]
[Round "9"]
[Board "9"]
[White "Svub, Jan"]
[Black "Dvorak, Vladimir"]
[Result "1/2-1/2"]
[WhiteElo "1770"]
[BlackElo "1864"]
[PlyCount "0"]
[EventDate "2023.08.12"]
[EventRounds "9"]
[EventCountry "CZE"]

1. d4 e6 2. c4 f5 3. g3 Nf6 4. Bg2 Be7 5. Nf3 O-O 6. O-O d6 7. b3 Ne4 8. Bb2 Bf6
9. Qc2 Nc6 10. a3 Qe7 11. Nbd2 Nxd2 12. Qxd2 Bd7 13. Rad1 Rae8 14. e3 Nd8 15. Ne1
b6 16. Nd3 Nf7 17. Nf4 g5 18. Nd3 g4 19. f4 gxf3 20. Bxf3 Ng5 21. Bg2 Rd8 22. Nf4
Be8 23. Qc2 Bg6  1/2-1/2

[Event "Olomouc Chess Summer 2023 - D2"]
[Site "Olomouc (CZE), Hotel Flora"]
[Date "2023.08.19"]
[Round "9"]
[Board "10"]
[White "Lexa, Vaclav"]
[Black "Spanton, Tim R"]
[Result "0-1"]
[WhiteElo "1767"]
[BlackElo "1858"]
[PlyCount "0"]
[EventDate "2023.08.12"]
[EventRounds "9"]
[EventCountry "CZE"]

1. d4 d5 2. c4 e6 3. Nc3 Nf6 4. Bg5 c5 5. cxd5 cxd4 6. Qxd4 Be7 7. e3 exd5 8. Nf3
O-O 9. Ne5 Nc6 10. Nxc6 bxc6 11. Bd3 c5 12. Qf4 h6 13. Bxf6 Bxf6 14. Nxd5 Qxd5 15.
Be4 Qd8 16. Bxa8 Qa5+ 17. b4 Bc3+ 18. Ke2 Ba6+ 19. Kf3 cxb4 20. Be4 f5 21. Bc6 Be5
22. Qh4 g5  0-1

[Event "Olomouc Chess Summer 2023 - D2"]
[Site "Olomouc (CZE), Hotel Flora"]
[Date "2023.08.19"]
[Round "9"]
[Board "11"]
[White "Marek, Jiri"]
[Black "Lang, Gusztav"]
[Result "1-0"]
[WhiteElo "1890"]
[BlackElo "1743"]
[PlyCount "0"]
[EventDate "2023.08.12"]
[EventRounds "9"]
[EventCountry "CZE"]

1. e4 c5 2. Nf3 d6 3. d4 cxd4 4. Nxd4 Nf6 5. Nc3 a6 6. Bc4 e6 7. O-O Be7 8. a4 Qc7
9. Bb3 Bd7 10. Be3 Nc6 11. Nxc6 Bxc6 12. f3 b6 13. Qe2 O-O 14. Rfd1 Nd7 15. Qf2 Rac8
16. Bc4 Bb7 17. Be2 Rfd8 18. Rd2 Nc5 19. Rad1 d5 20. exd5 exd5 21. Nxd5 Bxd5 22.
Rxd5 Rxd5 23. Rxd5 Qb7 24. Rd2 Nxa4 25. c3 Bc5 26. Bxc5 Nxc5 27. Qe3 g6 28. Rd6 Qc7
29. Qd4 a5 30. Kf2 Rb8 31. Bb5 Ne6 32. Qe5 Qc5+ 33. Qxc5 Nxc5 34. h4 Kf8 35. g4 Ke7
36. Rc6 Rb7 37. Kg3 Kf8 38. g5 Ne6 39. Kg4 Ke7 40. f4 Nc7 41. Be2 b5 42. Bf3 Ra7
43. f5 gxf5+ 44. Kxf5 Ra6  1-0

[Event "Olomouc Chess Summer 2023 - D2"]
[Site "Olomouc (CZE), Hotel Flora"]
[Date "2023.08.19"]
[Round "9"]
[Board "12"]
[White "Groh, Jiri"]
[Black "Kubala, Karel"]
[Result "1-0"]
[WhiteElo "2004"]
[BlackElo "1747"]
[PlyCount "0"]
[EventDate "2023.08.12"]
[EventRounds "9"]
[EventCountry "CZE"]

1. Nf3 Nf6 2. c4 b6 3. g3 c5 4. Bg2 Bb7 5. O-O g6 6. Nc3 Bg7 7. d4 cxd4 8. Qxd4 O-O
9. Qd2 d6 10. a4 Nbd7 11. Ra2 Ne4 12. Nxe4 Bxe4 13. Qe3 Bb7 14. b3 a5 15. Bb2 h6
16. Bxg7 Kxg7 17. h4 Nf6 18. Nd4 Bxg2 19. Kxg2 Rc8 20. Rd1 Rc5 21. Nb5 Qd7 22. Rad2
Qb7+ 23. f3 Kh7 24. Qd4 Re5 25. Nc3 Rc5 26. e4 Nd7 27. Nd5 Ne5 28. Qe3 Rc6 29. Nf4
Qd7 30. h5 g5 31. Nd3 Nxd3 32. Qxd3 Qe6 33. e5+ Kg8 34. Qe4 dxe5 35. Rd5 f5 36. Qxe5
Qf6 37. Re1 e6 38. Rd7 Qxe5 39. Rxe5 Rf7 40. Rd2 Kg7 41. Rb5 Rb7 42. Rd8 Kf7 43.
Rh8 Kg7 44. Ra8 Rcc7 45. Ra6 Rc6 46. Raxa5 g4 47. fxg4 fxg4 48. Ra6 Rd6 49. Kf2 Rd2+
50. Ke3 Rbd7 51. Rd5 exd5 52. Kxd2 dxc4+ 53. Kc3 Rd3+ 54. Kxc4 Rxg3 55. Rxb6 Rh3
56. Rg6+ Kh7 57. Rxg4 Rxh5 58. b4 Rh1 59. a5 h5 60. Rd4 h4 61. a6  1-0

[Event "Olomouc Chess Summer 2023 - D2"]
[Site "Olomouc (CZE), Hotel Flora"]
[Date "2023.08.19"]
[Round "9"]
[Board "13"]
[White "Fiser, Milos"]
[Black "Klimes, Jiri"]
[Result "1/2-1/2"]
[WhiteElo "1794"]
[BlackElo "1719"]
[PlyCount "0"]
[EventDate "2023.08.12"]
[EventRounds "9"]
[EventCountry "CZE"]

1. d4 Nf6 2. Nf3 d5 3. e3 Bg4 4. c4 e6 5. a3 c5 6. h3 Bh5 7. Be2 Nc6 8. cxd5 Nxd5
9. Nc3 Be7 10. O-O O-O 11. Qd2 cxd4 12. Nxd4 Nxd4 13. exd4 Bxe2 14. Nxe2 Qd6 15.
Qd3 Bf6 16. Be3 Rac8 17. Rac1 h6 18. b4 Nxe3 19. fxe3 Rfd8 20. Rxc8 Rxc8 21. Qe4
Qc6 22. Qg4 Bg5 23. Qg3 Qe4 24. Qf3 Qxf3 25. Rxf3 Rc2 26. Kf2 Bf6 27. Ke1 Kf8 28.
Kd1 Ra2 29. e4 Ke7 30. g3 Ra1+ 31. Kc2 g5 32. g4 Bg7 33. Rd3 Ra2+ 34. Kd1 Ra1+ 35.
Kc2 Ra2+ 36. Kd1 Kd6  1/2-1/2

[Event "Olomouc Chess Summer 2023 - D2"]
[Site "Olomouc (CZE), Hotel Flora"]
[Date "2023.08.19"]
[Round "9"]
[Board "14"]
[White "Kolek, Josef"]
[Black "Burda, Josef"]
[Result "1/2-1/2"]
[WhiteElo "1752"]
[BlackElo "1773"]
[PlyCount "0"]
[EventDate "2023.08.12"]
[EventRounds "9"]
[EventCountry "CZE"]

1. e4 c5 2. Nf3 d6 3. d4 cxd4 4. Nxd4 Nf6 5. Nc3 a6 6. Be3 e5 7. Nb3 Be6 8. f3 Nbd7
9. Qd2 Nb6 10. O-O-O h5 11. h3 Qc7 12. Be2 Nc4 13. Bxc4 Qxc4 14. Qd3 b5 15. Kb1 Qxd3
16. cxd3 d5 17. d4 exd4 18. Bxd4 dxe4 19. Bxf6 gxf6 20. Nxe4 Be7 21. g4 f5 22. gxf5
Bxf5 23. Rde1 Kf8 24. Nd4 Bxe4+ 25. Rxe4 Bf6 26. Rf4  1/2-1/2

[Event "Olomouc Chess Summer 2023 - D2"]
[Site "Olomouc (CZE), Hotel Flora"]
[Date "2023.08.19"]
[Round "9"]
[Board "15"]
[White "Titera, Libor"]
[Black "Glacner, Karel"]
[Result "0-1"]
[WhiteElo "1760"]
[BlackElo "1506"]
[PlyCount "0"]
[EventDate "2023.08.12"]
[EventRounds "9"]
[EventCountry "CZE"]

1. Nf3 Nc6 2. g3 d5 3. Bg2 e5 4. d3 d4 5. O-O Be7 6. Nbd2 f5 7. e3 dxe3 8. fxe3 Nh6
9. Nc4 Nf7 10. Qe2 O-O 11. e4 b5 12. Ne3 Bc5 13. Kh1 f4 14. gxf4 exf4 15. Nd5 g5
16. Ne1 Nd4 17. Qh5 c6 18. Nxf4 Ne5 19. c3 Bg4 20. Qh6 Nf7 21. Ne6 Nxe6 22. Rxf7
Rxf7 23. h3 Bf8  0-1

[Event "Olomouc Chess Summer 2023 - D2"]
[Site "Olomouc (CZE), Hotel Flora"]
[Date "2023.08.19"]
[Round "9"]
[Board "16"]
[White "Pesek, Petr"]
[Black "Mikulka, Jan"]
[Result "1/2-1/2"]
[WhiteElo "1927"]
[BlackElo "1747"]
[PlyCount "0"]
[EventDate "2023.08.12"]
[EventRounds "9"]
[EventCountry "CZE"]

1. e4 e5 2. Nf3 Nc6 3. c3 d5 4. exd5 Qxd5 5. d3 Nf6 6. Be2 Be7 7. O-O O-O 8. h3 h6
9. Qc2 Bf5 10. Rd1 Rad8 11. Be3 e4 12. dxe4 Bxe4 13. Qb3 Qxb3 14. axb3 Rxd1+ 15.
Bxd1 Rd8 16. Nbd2 a6 17. Nxe4 Nxe4 18. Bc2 Nf6 19. Kf1 Nd5 20. Bd2 Bd6 21. g3 Re8
22. Rd1 Nf6 23. Re1 Kf8  1/2-1/2